| 000 | 00554nam a22001697a 4500 | ||
|---|---|---|---|
| 005 | 20251108171246.0 | ||
| 008 | 250721s1992 xx 000 0 ara d | ||
| 082 | 1 | 4 | _a956.6/احس |
| 100 | 1 | _aعباس، إحسان | |
| 245 | 1 | 0 | _aشمال الجزيرة العربية في العهد الآشوري / |
| 264 | 1 |
_aعمان : _bالجامعة الأردنية - لجنة تاريخ بلاد الشام، _c1992. |
|
| 300 | _a55ص | ||
| 650 | 1 | 7 | _aجزيرة العرب |
| 650 | 1 | 7 | _aالتاريخ القديم |
| 942 |
_2ddc _cBK |
||
| 999 |
_c60675 _d60675 |
||